000 00628nam a2200217 4500
003 OSt
005 20240731020705.0
006 a
008 240731b |||||||| |||| 00| 0 eng d
020 _a9780071284714
040 _aDWCL-Main lib.
_cOC
082 _2Sixth edition
_aCirc. 657.3 L694f 2009
100 _aLibby, Robert
245 _aFinancial accounting /
250 _aSixth edition
260 _aBoston :
_bMcGraw-Hill/Irwin ,
_cc2009.
300 _axxii,
_b(various paging) ill. (some col.) ;
_c28 cm.
504 _aIncludes index.
650 _a1. Accounting.
942 _2ddc
_n0
_cBK-CIRC
_eSixth edition
_kCirc.
999 _c3000
_d3000